Firm size and the business environment: Worldwide survey results

Kaydedildi:
Detaylı Bibliyografya
Yazar: Mirjam Schiffer
Materyal Türü: Kitap
Dil:Undetermined
Baskı/Yayın Bilgisi: Washignton DC The World Bank 2001
Konular:
Etiketler: Etiketle
Etiket eklenmemiş, İlk siz ekleyin!
Thư viện lưu trữ: Trung tâm Học liệu Trường Đại học Cần Thơ
LEADER 00531nam a2200181Ia 4500
001 CTU_62749
008 210402s9999 xx 000 0 und d
082 |a 338.7 
082 |b S333 
100 |a Mirjam Schiffer 
245 0 |a Firm size and the business environment: Worldwide survey results 
245 0 |c Mirjam Schiffer and Beatrice Weder 
260 |a Washignton DC 
260 |b The World Bank 
260 |c 2001 
650 |a business enterprises 
904 |i Minh 
980 |a Trung tâm Học liệu Trường Đại học Cần Thơ